Literary Meal Time Quiz Stats

Quiz Updated Nov 10, 2014

Challenge
Share
Tweet
Embed
Score 0/30 Timer 06:00
0 Plays Today
% Correct
Chocolate
97.3%
Huckleberry
96.9%
Lambs
96.6%
Breakfast
96.4%
Rye
96.2%
Peach
95.8%
Ham
95.6%
Soup
95.3%
Grapes
94.6%
Meatballs
94.3%
Orange
93.5%
Trout
90.5%
Cider
82.4%
Cookie
81.2%
Cherry
73%
% Correct
Water
66.1%
Kool-Aid
65.4%
Chips
61.4%
Amontillado
61.1%
Tortilla
58.3%
Lunch
57.5%
Tea
47.5%
Butcher
45.8%
Apples
45.2%
Mango
38.6%
Duck
33.2%
Onion
32.8%
Milk
31.8%
Goat
28%
Margarita
25.5%

You're not logged in!

Compare scores with friends on all Sporcle quizzes.
Sign Up with Email
OR
Log In

You Might Also Like...

Show Comments

Extras

Top Quizzes Today


Score Distribution

Your Account Isn't Verified!

In order to create a playlist on Sporcle, you need to verify the email address you used during registration. Go to your Sporcle Settings to finish the process.